[Event "10th LCC FIDE Open 2018"]
[Site "London"]
[Date "2018.12.10"]
[Round "3"]
[White "Sumit, Kumar"]
[Black "Cornette, Matthieu"]
[Result "1/2-1/2"]
[WhiteElo "2179"]
[BlackElo "2597"]
[Annotator "TA"]
[PlyCount "120"]
[EventDate "2018.12.09"]
[EventType "swiss"]
[EventCountry "ENG"]
[SourceTitle "playchess.com"]
[Source "ChessBase"]
[SourceQuality "1"]

{[%evp 19,120,0,8,0,5,0,0,15,14,0,4,-6,0,-11,-10,-16,0,0,-2,0,3,3,14,-11,-12,-85,-77,-86,-82,-78,-43,-34,-26,-78,-68,-75,-64,-82,-10,-10,-6,-20,-12,-41,-26,-17,-7,-13,-7,-16,0,-4,0,0,-3,0,8,8,8,8,8,8,8,8,8,8,8,0,0,0,0,0,0,0,0,0,0,-8,-5,-8,-8,-8,-8,-8,-8,-8,-8,-8,-8,-8,-8,-8,-8,-8,-8,-8,-8,-8,-8,-8,-8,-8,-8]} 1. e4 c6 2. d4 d5 3. e5 Bf5 4. Nf3 e6 5. Be2 Ne7 6. O-O Ng6 {B12: Caro-Kann: Advance Variation} (6... c5 7. Be3 Nec6 8. c3 Nd7 9. Nbd2 Be7 10. a3 a6 11. Re1 O-O 12. Nf1 Rc8 13. Ng3 Bg6 14. Nd2 cxd4 15. cxd4 Qb6 16. b4 Nxd4 17. Bf1 {0-1 (50) Caruana,F (2822)-Mamedyarov,S (2801) Saint Louis 2018}) 7. Be3 Nd7 8. Nbd2 f6 9. exf6 Qxf6 10. c4 Bd6 {LiveBook: 4 Games} 11. Bg5 Qf7 12. Nh4 h6 13. Nxg6 $1 Bxg6 14. Bh4 O-O 15. Bg3 (15. Qb3 {is more complex.} b6 16. Bg3 Bf4 17. Nf3 Be4 18. Rae1) 15... Bxg3 16. fxg3 $146 ({Predecessor:} 16. hxg3 Qf6 17. Nb3 a5 18. Qd2 a4 {½-½ (18) Fernandez Cardoso,A (2429)-Perez Ponsa,F (2556) Montevideo 2018}) 16... Qe7 $36 {[%mdl 2048] White is under pressure.} 17. Nf3 Rad8 18. Bd3 Bxd3 19. Qxd3 c5 {[%cal Bc6c5,Bc5d4,Bd4d3][%mdl 32]} 20. Rae1 {Black should prevent cxd5.} Qd6 21. Qe2 (21. g4 {looks sharper.} cxd4 22. Qxd4 Rc8 23. cxd5 exd5 24. g5) 21... cxd4 22. Qxe6+ (22. cxd5 $11 {keeps the balance.} e5 23. Nxe5) 22... Qxe6 $17 23. Rxe6 dxc4 24. Re4 d3 {And now ...b5 would win.} 25. Rxc4 {[#]} Ne5 $1 {[%mdl 512]} 26. Rcc1 ({Don't go for} 26. Nxe5 $2 Rxf1+ 27. Kxf1 d2 $19) (26. Rc3 $11) 26... d2 27. Rcd1 Nc4 {...Ne3 is the strong threat.} 28. Rf2 {[#]} Nxb2 (28... Rc8 $1 $17 {Strongly threatening ...Ne3.} 29. Nxd2 Rxf2 30. Kxf2 Nxb2) 29. Rdxd2 $11 Nc4 30. Rxd8 Rxd8 {[%mdl 4096] Endgame KRN-KRN} 31. Re2 b5 32. Kf2 Rd5 {The position is equal.} 33. Re8+ Kf7 34. Rc8 a6 35. Rc6 (35. g4 {feels hotter.} Ne5 36. Nxe5+ Rxe5 37. Rc7+ Kg8 38. Ra7) 35... Rd6 36. Rxd6 Nxd6 {KN-KN} 37. Ke3 $1 Ke6 38. Kd4 Nc4 39. g4 Nb6 40. g5 h5 41. Ke4 Na4 42. Nd4+ Kf7 43. Kf5 g6+ 44. Ke5 Nc3 45. a3 Nb1 46. Nc2 Nd2 47. Kd5 Nc4 48. h3 h4 49. Kc5 Ke6 50. Nd4+ Ke5 51. Nf3+ Kf4 52. Nxh4 Kxg5 53. Nf3+ Kf4 54. a4 Ne3 55. axb5 axb5 56. Nh4 g5 57. Nf3 Nxg2 {[#]} 58. Nxg5 $1 {[%mdl 512]} Kxg5 59. Kxb5 Kh4 60. Kc4 Kxh3 {Precision: White = 54%, Black = 71%.} 1/2-1/2

[Event "10th LCC FIDE Open 2018"]
[Site "London"]
[Date "2018.12.10"]
[Round "3"]
[White "Stigar, Petter"]
[Black "Ghasi, Ameet K"]
[Result "1/2-1/2"]
[WhiteElo "2171"]
[BlackElo "2498"]
[Annotator "TA"]
[PlyCount "36"]
[EventDate "2018.12.09"]
[EventType "swiss"]
[EventCountry "ENG"]
[SourceTitle "playchess.com"]
[Source "ChessBase"]
[SourceQuality "1"]

{[%evp 23,36,46,31,-12,45,45,36,47,50,42,60,19,20,29,79]} 1. d4 Nf6 2. c4 g6 3. Nf3 Bg7 4. g3 O-O 5. Bg2 d6 6. O-O Nc6 7. Nc3 a6 8. b3 Rb8 9. d5 Na5 {E63: King's Indian: Fianchetto: Panno Variation with 7...a6} 10. Bg5 (10. Bd2 c5 11. dxc6 Nxc6 12. Qc1 Bd7 13. Bh6 b5 14. Bxg7 Kxg7 15. cxb5 axb5 16. Qb2 Kg8 17. b4 Qb6 18. Rfd1 Rfc8 {½-½ (77) Inarkiev,E (2689)-Zhao,J (2604) Riadh 2017}) 10... b5 11. cxb5 axb5 12. b4 Nc4 {LiveBook: 3 Games} 13. Qc1 $146 ({Predecessor:} 13. Qb3 h6 14. Nxb5 Rxb5 15. Bxf6 Bxf6 16. Qxc4 Rb6 17. Rab1 {1-0 (27) Vaibhav,S (2556)-Nitin,S (2440) New Delhi 2018}) 13... Ng4 (13... Bb7 $11) 14. Nxb5 $14 Bxa1 15. Qxc4 Bf6 16. Bxf6 exf6 17. Nxc7 Rb7 18. Rc1 Bf5 1/2-1/2

[Event "10th LCC FIDE Open 2018"]
[Site "London"]
[Date "2018.12.10"]
[Round "3"]
[White "Russell, Christopher"]
[Black "Zhou, Yang-Fan"]
[Result "0-1"]
[WhiteElo "2169"]
[BlackElo "2434"]
[Annotator "TA"]
[PlyCount "72"]
[EventDate "2018.12.09"]
[EventType "swiss"]
[EventCountry "ENG"]
[SourceTitle "playchess.com"]
[Source "ChessBase"]
[SourceQuality "1"]

{[%evp 15,72,-6,-11,-8,-2,-6,-8,-16,0,0,-8,-19,-27,-45,-48,-48,-48,-33,-35,-53,-52,-51,-50,-63,-55,-58,-48,-62,-35,-147,-146,-147,-145,-154,-162,-170,-163,-184,-129,-166,-166,-255,-204,-281,-279,-217,-202,-397,-390,-1682,-1646,-1794,-1791,-1422,-807,-792,-773,-773,-743]} 1. d4 Nf6 2. Nf3 b6 3. Nbd2 Bb7 4. e3 c5 5. b3 g6 6. Bb2 Bg7 7. Bd3 O-O 8. O-O {A47: 1 d4 Nf6 2 Nf3 b6: Torre, London and Colle Systems} Nc6 {LiveBook: 14 Games} 9. Re1 (9. a3 cxd4 10. exd4 d6 11. Re1 Nh5 12. Nc4 e6 {0-1 (51) Berescu,A (2454)-Sethuraman,S (2656) Benasque 2016}) 9... d5 10. c4 {The position is equal.} cxd4 11. exd4 e6 12. Rc1 Rc8 13. a3 $146 ({Predecessor:} 13. Bf1 Re8 14. Ne5 Ne4 15. cxd5 exd5 16. Ndf3 Nxe5 17. Nxe5 Qh4 {0-1 (17) Cori Tello,J (2496)-Saldano Dayer,H (2409) Buenos Aires 2011}) 13... Nh5 14. cxd5 Qxd5 15. Be4 Qd7 16. Nc4 Rfd8 17. Bxc6 Qxc6 18. Na5 Qd5 19. Nxb7 Qxb7 20. Qd2 Qd5 21. b4 Qb3 22. Ne5 ({Better is} 22. h4 $15) 22... Bxe5 $1 $17 23. Rxe5 Rxc1+ 24. Bxc1 {[#] Strongly threatening Rxh5!} Nf4 $1 {[%cal Rf4d3][%mdl 512]} 25. Re1 (25. Qxf4 Qd1+) 25... Nd3 26. Qe3 Qc3 (26... Qc4 $19 27. Qe2 Qc3) 27. Rd1 Rxd4 28. h4 (28. h3 {might work better.}) 28... Rd5 29. Bd2 Qc2 ({Don't play} 29... Qxa3 30. Rc1 $19) 30. Rf1 h5 31. Qh6 $2 (31. Bc1) 31... Ne5 $19 32. Bc1 $2 (32. Be1 Ng4 33. Qf4) 32... Rd1 {Black is clearly winning.} 33. g3 Nf3+ 34. Kg2 Rxf1 35. Kxf1 Qd1+ 36. Kg2 Ne1+ {Accuracy: White = 30%, Black = 68%.} 0-1

[Event "10th LCC FIDE Open 2018"]
[Site "London"]
[Date "2018.12.10"]
[Round "3"]
[White "Smith, Andrew Philip"]
[Black "Wells, Peter K"]
[Result "1-0"]
[WhiteElo "2157"]
[BlackElo "2412"]
[Annotator "TA"]
[PlyCount "129"]
[EventDate "2018.12.09"]
[EventType "swiss"]
[EventCountry "ENG"]
[SourceTitle "playchess.com"]
[Source "ChessBase"]
[SourceQuality "1"]

{[%evp 9,129,6,17,0,0,-22,-26,-36,-10,-15,-16,-26,0,-27,-19,-47,-20,-22,-10,-27,-23,-21,-17,-8,-30,-139,-146,-147,-130,-137,-141,-229,-243,-197,-98,-51,-92,-66,0,-15,0,0,0,0,0,0,106,0,0,0,0,0,10,0,78,63,74,0,0,0,33,0,0,10,13,0,44,0,0,0,12,16,336,336,328,269,233,313,307,307,270,202,206,182,1637,1637,1637,1637,1339,1629,1622,1637,1638,1637,1622,1629,1622,1622,1010,712,705,636,1622,1644,1644,585,1637,1622,1622,1542,1497,1454,1193,1193,2589,1704,29991,29992,29992,29993,29993,29994]} 1. e4 e5 2. d4 exd4 3. Qxd4 Nc6 4. Qe3 g6 5. Nc3 (5. Bd2 Bg7 6. Nc3 Nf6 7. O-O-O O-O 8. Qg3 d5 9. Bg5 d4 10. f3 h6 11. Bxf6 Bxf6 12. Nd5 Be5 13. f4 Bg7 14. Nf3 Be6 {0-1 (63) Nepomniachtchi,I (2714)-Leko,P (2723) Beijing 2014}) 5... Bg7 {LiveBook: 72 Games} 6. Nge2 {C22: Centre Game} Nf6 7. Nf4 O-O $146 ({Predecessor:} 7... d6 8. Bd2 O-O 9. O-O-O a6 10. h4 Ne5 11. f3 b5 12. h5 Bb7 {1-0 (25) Domnin,S (2085)-Marchenko,A Alushta 2004}) 8. Bc4 {Black has an edge.} Ne5 9. Bb3 c6 10. O-O Re8 11. Qg3 b5 {[%cal Bb7b5,Bb5b4][%mdl 32]} 12. a3 d6 13. f3 Bb7 14. Kh1 a5 15. Rd1 b4 16. Na4 $1 Qc7 17. Rb1 (17. c3 $11 {remains equal.}) 17... c5 $1 $17 18. Nd5 Bxd5 19. Bxd5 Nxd5 20. Rxd5 (20. exd5 $17 {was necessary.} f5 21. axb4 cxb4 22. Qf2) 20... Qc6 $19 21. b3 Nc4 (21... c4 $1 $19 {[%cal Rc4b3] is more deadly. White must now prevent ...cxb3.} 22. Qf2 f5) 22. axb4 $17 axb4 {Hoping for ...Na3.} 23. Bf4 {[%cal Rf4d6]} Bd4 (23... Rxa4 $15 24. bxa4 (24. bxc4 Ra2 $17) 24... Qxa4) 24. h3 (24. c3 $5 bxc3 25. Nxc3 $11) 24... Rxa4 25. bxa4 Qxa4 26. Rxd4 cxd4 27. Qf2 Na3 {[#]} (27... Ne3 $11) 28. Rb3 (28. Qxd4 $1 $16 {[%mdl 512]} Nxc2 29. Qb2) 28... Rc8 $11 29. Qxd4 {[%mdl 64] Threatening mate with Bh6. Double Attack} Nxc2 30. Qb2 {next Bh6 is good for White.} Qb5 31. Bxd6 Qf1+ (31... Rd8 $11) 32. Kh2 $14 Qc4 33. Be5 $40 {[%mdl 128] Black needs to defend precisely.} (33. Bxb4 $16 {Strongly threatening Rc3.} Rb8 34. Bf8 (34. Rc3 Qxb4 35. Qxc2 Qd6+ 36. Kg1 Qd4+ 37. Kf1 Kg7 $16) 34... Qc7+ 35. g3 Rxf8 36. Rc3 {[%mdl 64] Double Attack}) 33... Rc6 $11 34. Bg3 f6 35. e5 f5 36. Qb1 g5 37. Rb2 h5 38. Ra2 h4 39. Bf2 {And now Qd1 would win.} Qf4+ 40. Kh1 $1 Na3 $2 {[%mdl 8192] [#]} (40... Nd4 $1 $11 41. Ra1 Ne6) 41. Qd3 $1 $18 {[%cal Rd3d5]} Rc1+ 42. Bg1 Qxe5 {[#]} 43. Re2 $1 {[%cal Re2e5]} Rxg1+ 44. Kxg1 {[%mdl 4096] Endgame KQR-KQN} Qc5+ 45. Qe3 Qxe3+ 46. Rxe3 {KR-KN} f4 $2 (46... Nc2 47. Re2 b3) 47. Rb3 Nc2 48. Rb2 Ne3 49. Rxb4 Kf7 50. Rb6 Kg7 51. Kf2 Kf7 52. Ra6 Nd1+ 53. Ke1 Ne3 54. Ra2 Kf6 55. Ke2 Nxg2 56. Kd3 Ne3 57. Ke4 (57. Ra6+ $142 Kf5 58. Ra5+ Kf6 59. Ke4) 57... Kg6 58. Ra6+ Kg7 59. Ke5 Kf7 60. Ra8 Kg7 61. Ke6 Kh7 62. Kf6 g4 63. hxg4 {[%cal Bh3g4,Bg4g5][%mdl 32] White mates.} h3 64. g5 Nd5+ 65. Kf7 {Accuracy: White = 59%, Black = 45%.} 1-0

[Event "10th LCC FIDE Open 2018"]
[Site "London"]
[Date "2018.12.10"]
[Round "3"]
[White "Menzies, Colin"]
[Black "Gilevych, Artem"]
[Result "0-1"]
[WhiteElo "2132"]
[BlackElo "2409"]
[Annotator "TA"]
[PlyCount "33"]
[EventDate "2018.12.09"]
[EventType "swiss"]
[EventCountry "ENG"]
[SourceTitle "playchess.com"]
[Source "ChessBase"]
[SourceQuality "1"]

{[%evp 9,33,27,51,4,5,-8,-3,-7,0,-13,-8,-35,-25,-34,-31,-46,-46,-53,-26,-37,-42,-31,-23,-68,-54,-719]} 1. Nf3 d5 2. c4 e6 3. e3 g6 (3... Nf6 4. Nc3 dxc4 5. Bxc4 a6 6. a4 c5 7. d4 Nc6 8. O-O Be7 9. Ne5 Bd7 10. Nxd7 Qxd7 11. dxc5 Qxd1 12. Rxd1 Bxc5 13. Kf1 Ke7 14. Ke2 Rac8 15. Bd2 Bd6 16. Be1 Rc7 17. h3 {½-½ (55) Mamedyarov,S (2801)-Dominguez Perez,L (2739) Saint Louis 2018}) 4. d4 Bg7 5. Nc3 Ne7 {LiveBook: 6 Games} 6. Bd2 {A13: English Opening: 1...e6} O-O 7. cxd5 $146 ({Predecessor:} 7. Rc1 Nbc6 8. Be2 Nf5 9. cxd5 exd5 10. Qb3 Nce7 11. g4 {½-½ (91) Annageldyev,O (2486)-Gvetadze,S (2116) Izmir 2006}) 7... exd5 8. Bd3 {The position is equal.} Nd7 9. b4 Nb6 10. Na4 Bf5 11. Bxf5 Nxf5 12. Nxb6 axb6 13. O-O Nd6 14. Qb3 c6 15. a4 b5 16. axb5 Nxb5 17. Ne1 $2 {[%mdl 8192]} (17. Rxa8 $15 Qxa8 18. Bc3) 0-1

[Event "10th LCC FIDE Open 2018"]
[Site "London"]
[Date "2018.12.10"]
[Round "3"]
[White "Osborne, Marcus E"]
[Black "Mirzoyan, Davit T."]
[Result "0-1"]
[WhiteElo "2128"]
[BlackElo "2382"]
[Annotator "TA"]
[PlyCount "134"]
[EventDate "2018.12.09"]
[EventType "swiss"]
[EventCountry "ENG"]
[SourceTitle "playchess.com"]
[Source "ChessBase"]
[SourceQuality "1"]

{[%evp 14,134,10,1,45,17,20,0,31,31,28,18,18,18,18,18,18,18,31,19,47,49,50,34,44,22,16,27,14,20,21,25,31,0,0,0,0,0,0,0,0,0,0,0,22,13,13,25,22,0,0,0,0,0,19,0,158,156,137,93,94,0,0,-1139,-1021,-1097,-1157,-1116,-811,-1129,-1140,-997,-1132,-1133,-1133,-1081,-1056,-1078,-1100,-1079,-1079,-941,-1056,-1000,-1016,-869,-612,-1026,-1026,-964,-953,-1195,-1079,-1025,-999,-1324,-1475,-29972,-29973,-29983,-29983,-29983,-29973,-29973,-29973,-29972,0,-29973,0,-29983,-29984,-29984,-29985,-29984,-29983,-29983,-29983,-29984,-29985,-29985,-29985,-29986,-29983]} 1. d4 Nf6 2. Bg5 d5 3. Bxf6 gxf6 4. c4 c6 5. e3 Bf5 6. Nc3 e6 {D00: 1 d4 d5: Unusual lines} 7. Bd3 (7. a3 Nd7 8. Rc1 a6 9. Nf3 Bg4 10. h3 Bh5 11. cxd5 cxd5 12. Bd3 Bd6 13. g4 Bg6 14. h4 {1-0 (39) Ivanisevic,I (2625)-Miladinovic,I (2571) Kragujevac 2009}) 7... Bg6 8. Nge2 {LiveBook: 3 Games} a6 $146 {The position is equal.} ({Predecessor:} 8... Nd7 9. O-O Be7 10. cxd5 cxd5 11. Nf4 Qb6 12. Qe2 O-O 13. Bb5 Qd6 14. h4 {0-1 (37) Jakubek,P (2191)-Franzen,J (2242) Slovakia 2016}) 9. Nf4 Bd6 10. g3 Nd7 11. cxd5 cxd5 12. Rc1 Qb6 13. Rc2 Bxf4 14. gxf4 Bxd3 15. Qxd3 f5 16. Ke2 Rc8 17. Rhc1 {Strongly threatening Nxd5!} O-O 18. Na4 Rxc2+ 19. Rxc2 Qd8 20. Kd1 Qh4 21. f3 Kh8 22. Qf1 Rg8 23. Rg2 Rc8 24. Qf2 Qf6 25. Qg3 b5 26. Nc3 Nb6 27. b3 Qh6 28. Ne2 b4 29. Nc1 a5 30. Nd3 {aiming for Ne5.} Nd7 31. Ne5 Nxe5 32. fxe5 $11 {[%mdl 4096] Endgame KQR-KQR} Rf8 33. f4 f6 34. h4 fxe5 $2 (34... Qh5+ $11 35. Kc2 Qf7) 35. dxe5 $16 Rc8 36. Qg5 Qxg5 37. fxg5 {KR-KR} (37. hxg5 $16 Kg7 38. Rh2) 37... Rc3 $11 38. Rc2 $2 {[%mdl 8192]} (38. Kd2 $11) 38... Rxc2 $1 $19 39. Kxc2 {[#] KP-KP} h6 $1 {[%mdl 512]} 40. gxh6 Kh7 41. Kd3 Kxh6 42. Kd4 Kh5 43. Kc5 Kxh4 44. Kd6 {[#]} f4 $1 {[%cal Rf4e3][%mdl 512]} 45. exf4 d4 46. f5 exf5 ({Worse is} 46... d3 47. f6 $11) 47. e6 d3 48. e7 d2 49. e8=Q d1=Q+ {KQ-KQ} 50. Kc7 f4 {[%cal Bf5f4,Bf4f3,Bf3f2][%mdl 32]} 51. Qe7+ Kg3 52. Qg5+ Qg4 53. Qe5 Kh3 54. Kb6 f3 55. Kxa5 f2 56. Qh8+ Kg2 57. Qa8+ Kh2 58. Qb8+ Kh1 59. Qa8+ Kh2 60. Qb8+ $1 Kg2 61. Qa8+ $1 Kg3 {Black mates.} 62. Qb8+ Qf4 63. Qg8+ Kf3 64. Qd5+ Ke2 65. Qe6+ Kd2 66. Qd5+ Kc1 67. Qc6+ Kb1 {Accuracy: White = 59%, Black = 71%.} 0-1

[Event "10th LCC FIDE Open 2018"]
[Site "London"]
[Date "2018.12.10"]
[Round "3"]
[White "Englisch, Colya"]
[Black "Fischer, Daniel"]
[Result "0-1"]
[WhiteElo "2105"]
[BlackElo "2324"]
[Annotator "RC"]
[PlyCount "90"]
[EventDate "2018.12.09"]
[EventType "swiss"]
[EventCountry "ENG"]
[SourceTitle "playchess.com"]
[Source "ChessBase"]
[SourceQuality "1"]
[TimeControl "40/5400+30:1800+30"]

1. Nf3 {[%emt 0:00:00]} d5 {[%emt 0:00:00]} 2. g3 {[%emt 0:00:39]} Bg4 {[%emt 0:00:21]} 3. d4 {[%emt 0:04:19]} e6 {[%emt 0:03:21]} 4. Bg2 {[%emt 0:00:33]} Nf6 {[%emt 0:00:31]} 5. O-O {[%emt 0:00:19]} c6 {[%emt 0:06:57]} 6. c4 {[%emt 0:02:29]} Nbd7 {[%emt 0:00:37]} 7. b3 {[%emt 0:05:35]} Be7 {[%emt 0:02:03]} 8. Bb2 {[%emt 0:03:35]} O-O {[%emt 0:01:31]} 9. Nc3 {[%emt 0:10:28]} Rc8 {[%emt 0:03:59]} 10. Re1 {[%emt 0:06:43]} Nb6 {[%emt 0:10:55]} 11. Ne5 {[%emt 0:06:16]} Bh5 {[%emt 0:00:28]} 12. c5 {[%emt 0:18:49]} Nbd7 {[%emt 0:00:47]} 13. Nd3 {[%emt 0:02:41]} Bg6 {[%emt 0:12:42]} 14. e3 {[%emt 0:05:09]} h6 {[%emt 0:08:32]} 15. Ne2 {[%emt 0:08:17]} Qc7 {[%emt 0:05:03]} 16. Rc1 {[%emt 0:03:56]} Bh7 {[%emt 0:05:19]} 17. Bf1 {[%emt 0:07:14]} Ne4 {[%emt 0:07:42]} 18. f3 {[%emt 0:02:35]} Nef6 {[%emt 0:05:07]} 19. Qd2 {[%emt 0:01:20]} Ne8 {[%emt 0:02:24]} 20. f4 {[%emt 0:01:13]} Nef6 {[%emt 0:05:43]} 21. Nc3 {[%emt 0:01:30]} Rcd8 {[%emt 0:03:22]} 22. Ne5 {[%emt 0:03:17]} Nxe5 {[%emt 0:01:45]} 23. fxe5 {[%emt 0:00:08]} Nd7 {[%emt 0:00:23]} 24. Bd3 {[%emt 0:00:26]} Bxd3 {[%emt 0:02:16]} 25. Qxd3 {[%emt 0:00:02]} f6 {[%emt 0:00:52]} 26. exf6 {[%emt 0:00:38]} Bxf6 {[%emt 0:00:07]} 27. e4 {[%emt 0:01:13]} dxe4 {[%emt 0:05:29]} 28. Nxe4 {[%emt 0:00:49]} Rfe8 {[%emt 0:02:38]} 29. Qc4 {[%emt 0:02:14]} b5 {[%emt 0:01:29]} 30. cxb6 {[%emt 0:00:15]} Nxb6 {[%emt 0:01:02]} 31. Nxf6+ {[%emt 0:00:10]} gxf6 {[%emt 0:00:07]} 32. Qxc6 {[%emt 0:00:43]} Qf7 {[%emt 0:00:23]} 33. Qc7 {[%emt 0:00:33]} Rd7 {[%emt 0:00:39]} 34. Qf4 {[%emt 0:00:19]} Kh7 {[%emt 0:00:33]} 35. Rc6 {[%emt 0:00:48]} Nd5 {[%emt 0:00:43]} 36. Qe4+ {[%emt 0:00:14]} f5 {[%emt 0:00:04]} 37. Qe2 {[%emt 0:01:07]} Qg6 {[%emt 0:00:49]} 38. Kh1 {[%emt 0:01:01]} Qf6 {[%emt 0:00:27]} 39. Rxe6 {[%emt 0:00:36]} Rxe6 {[%emt 0:00:04]} 40. Qxe6 {[%emt 0:00:11]} Re7 {[%emt 0:00:10]} 41. Qxd5 {[%emt 0:03:42]} Rxe1+ {[%emt 0:00:14]} 42. Kg2 {[%emt 0:00:08]} Re2+ {[%emt 0:02:01]} 43. Kh3 {[%emt 0:04:38]} Rxb2 {[%emt 0:00:28]} 44. Qd7+ {[%emt 0:00:30]} Kg8 {[%emt 0:00:38]} 45. Qxa7 {[%emt 0:06:07]} Qf7 {[%emt 0:02:24]} 0-1

[Event "10th LCC FIDE Open 2018"]
[Site "London"]
[Date "2018.12.10"]
[Round "3"]
[White "Lopez Gomez, Jose Pablo"]
[Black "Venkataramanan, T.S."]
[Result "0-1"]
[WhiteElo "2094"]
[BlackElo "2253"]
[Annotator "TA"]
[PlyCount "138"]
[EventDate "2018.12.09"]
[EventType "swiss"]
[EventCountry "ENG"]
[SourceTitle "playchess.com"]
[Source "ChessBase"]
[SourceQuality "1"]

{[%evp 20,138,27,8,2,-4,13,10,23,2,26,12,18,0,6,41,14,21,80,-49,9,12,22,0,18,7,55,28,30,29,38,16,14,8,29,-37,-36,-43,-31,-44,-41,-58,-57,-83,-68,-87,-61,-57,-48,-131,-131,-131,-131,-131,-131,-131,-131,-131,-123,-131,-116,-124,-124,-151,-151,-151,-151,-156,-160,-186,-185,-221,-196,-474,-474,-572,-558,-521,-472,-592,-575,-578,-567,-508,-382,-640,-634,-620,-624,-637,-620,-655,-604,-700,-698,-682,-668,-760,-751,-835,-819,-791,-789,-928,-917,-1145,-1135,-1101,-1143,-1080,-1058,-1658,-1501,-2058,-2072,-29990,-29991,-29985,-29986,-29986,-29987]} 1. e4 e5 2. Nf3 Nc6 3. Bb5 {[%cal Bf1b5,Bb5a4,Ba4b3][%mdl 32]} a6 4. Ba4 Nf6 5. O-O Be7 6. d3 b5 7. Bb3 O-O 8. Re1 d6 9. a3 Be6 {C88: Closed Ruy Lopez: Anti-Marshall Systems} (9... Nb8 10. Nbd2 Nbd7 11. Ba2 c5 12. Nf1 Nb6 13. Ng3 Qc7 14. Nh4 g6 15. Bh6 Re8 16. Qd2 Ng4 17. Bg5 Bxg5 18. Qxg5 {½-½ (33) Van Foreest,J (2609)-Anand,V (2783) Germany 2018}) 10. Bxe6 fxe6 11. Nc3 {LiveBook: 4 Games} Qe8 {The position is equal.} 12. b4 $146 ({Predecessor:} 12. Ne2 Qg6 13. Ng3 Ng4 14. Be3 d5 15. exd5 exd5 16. Qe2 h5 17. h3 Nxe3 18. Qxe3 {½-½ (58) Kochetkova,J (2337)-Zimina,O (2371) Prague 2016}) 12... Nh5 13. Ne2 Qg6 {[#] Strongly threatening ...Rxf3.} 14. Ng3 Nf4 15. Bxf4 Rxf4 16. Re3 Raf8 17. c3 h5 18. h3 h4 (18... Bd8 $11) 19. Nh1 (19. Nf1 $16) 19... Nd8 (19... Bg5 $15) 20. Nh2 $11 Bg5 (20... Qe8 {with more complications.} 21. Ng4 c5 22. f3 Bg5 23. Re2 Nc6) 21. Rf3 Bh6 22. Rxf4 Rxf4 23. Ng4 Rf8 24. a4 Bf4 25. axb5 axb5 26. Ra8 Qg5 27. c4 ({White should play} 27. Ra6 $11) 27... Bd2 $15 28. cxb5 Bxb4 29. Rc8 Ba5 30. Kf1 Bb6 31. Ke2 Qe7 32. Qa4 Qd7 33. Ra8 Re8 34. Ne3 {[#]} ({White should try} 34. Qa6 $15) 34... Nb7 $1 $17 35. Rxe8+ Qxe8 36. f3 Nc5 37. Qc4 Qa8 38. Nf2 Qa1 39. Nfd1 Kf7 40. Nc2 Qc1 {White must now prevent ...Ba5.} 41. Nce3 Qb1 42. Qc2 Qxb5 43. Nc4 Nb3 {aiming for ...Nd4+.} 44. Qb2 Bd4 45. Qa3 d5 46. Nd2 $2 (46. Ncb2) 46... Nc5 $19 47. exd5 exd5 48. Ne3 Ne6 49. Nf5 {Threatens to win with Qe7+.} Nf4+ 50. Kd1 Bc5 51. Qc3 g5 52. d4 $2 (52. Nb3 Bb6 53. Kd2) 52... exd4 53. Nxd4 Qb4 54. Qxb4 Bxb4 {[%mdl 4096] Endgame KBN-KNN} 55. Nf1 Nxg2 56. Kc2 c5 {[%cal Bc7c5,Bc5c4][%mdl 32]} 57. Nc6 Be1 58. Ne5+ Ke6 59. Nd3 c4 60. Nc5+ Kf5 61. Nd7 Ba5 62. Nb8 Ne1+ 63. Kd1 Nxf3 64. Nc6 Bb6 65. Ne7+ Ke4 66. Nc8 Bc5 67. Ke2 c3 {Black mates.} 68. Ne3 Bxe3 69. Nd6+ Kf4 {Precision: White = 29%, Black = 71%.} 0-1